书目信息 |
| 题名: |
源氏物语
|
|
| 作者: | 紫式部 著 ;叶渭渠, , 唐月梅, 译 | |
| 分册: | 下册 | |
| 出版信息: | 伊犁 伊犁人民出版社 |
|
| 页数: | 750页 | |
| 开本: | 21cm | |
| 丛书名: | ||
| 单 册: | ||
| 中图分类: | I313.43 | |
| 科图分类: | ||
| 主题词: | 长篇小说--chang pian xiao shuo--日本--中世纪 | |
| 电子资源: | ||
| ISBN: | 978-7-5425-0548-4 | |
| 000 | 00837nam0 2200241 450 | |
| 001 | 1959700515 | |
| 005 | 20191121163527.67 | |
| 010 | @a978-7-5425-0548-4@dRMB 27.00 | |
| 100 | @a20150902d em y0chiy50 ea | |
| 101 | 1 | @achi@cjpn |
| 102 | @aCN@b110000 | |
| 105 | @ay z 000ay | |
| 200 | 1 | @a源氏物语@Ayuan shi wu yu@h下册@f(日) 紫式部著@g叶渭渠, 唐月梅译 |
| 210 | @a伊犁@c伊犁人民出版社 | |
| 215 | @a750页@d21cm | |
| 330 | @a昔日不知是哪一代皇朝, 宫中有众多女御和更衣侍候天皇。其中有一位更衣出身虽不甚高贵, 却比谁都幸运, 承蒙天皇格外宠爱…… | |
| 606 | 0 | @a长篇小说@Achang pian xiao shuo@y日本@z中世纪 |
| 690 | @aI313.43@v5 | |
| 701 | 0 | @a紫式部@Azi shi bu@c(女)@4著 |
| 702 | 0 | @a叶渭渠,@Aye wei qu@f1929-2010@4译 |
| 702 | 0 | @a唐月梅,@Atang yue mei@f1931-@4译 |
| 801 | 0 | @aCN@c20150902 |
| 905 | @a10447@dI313.43@eZ9561:2 | |
| 源氏物语.下册/(日) 紫式部著/叶渭渠, 唐月梅译.-伊犁:伊犁人民出版社 |
| 750页;21cm |
| ISBN 978-7-5425-0548-4:RMB 27.00 |
| 昔日不知是哪一代皇朝, 宫中有众多女御和更衣侍候天皇。其中有一位更衣出身虽不甚高贵, 却比谁都幸运, 承蒙天皇格外宠爱…… |
| ● |
| 相关链接 |
|
|
|
正题名:源氏物语
索取号:I313.43/Z9561:2
 
预约/预借
| 序号 | 登录号 | 条形码 | 馆藏地/架位号 | 状态 | 备注 |
| 1 | 1452296 | 214522961 | 文学库116/116文学库 14排1列4层/ [索取号:I313.43/Z9561:2] | 在馆 |